| 000 | 00818nas a2200265 4500 | ||
|---|---|---|---|
| 001 | BR2014000069 | ||
| 003 | BR-BrBNA | ||
| 005 | 20231205123547.0 | ||
| 007 | ta | ||
| 008 | 230509b bl.|||p| |||| 00| 00por d | ||
| 040 |
_aBR-BrBNA _bpor _cBiblioteca Nacional de Agricultura |
||
| 041 | _a(En) | ||
| 072 | _aH10 | ||
| 100 | 1 | _aPolejack, A. | |
| 100 | 1 | _aTidon, R. | |
| 245 | 1 | _aLearning of courtship components in Drosophila mercatorum (Paterson Wheller)(Diptera, Drosophilidae) | |
| 650 | _aDROSÓFILA | ||
| 650 | _aMOSCA | ||
| 650 | _aCOMPORTAMENTO ANIMAL | ||
| 650 | _aREPRODUÇÃO | ||
| 650 | _aBIOLOGIA | ||
| 773 | 0 |
_tRevista Brasileira de Entomologia (Brazil) _xISSN 0085-5626 _g(Jan-Mar 2007), v. 51(1) p. 82-86 _wBR2014000069 |
|
| 909 |
_a202311 _bLúcia _c55 _dLúcia Elande |
||
| 942 |
_2AGRIS _n0 _cANA |
||
| 999 |
_c234528 _d234528 |
||